The mathematical century, the 30 greatest problems of the last 100 years (Record no. 572103)
[ view plain ]
| 000 -LEADER | |
|---|---|
| fixed length control field | 00550nam a22001817a 4500 |
| 003 - CONTROL NUMBER IDENTIFIER | |
| control field | CEME |
| 005 - DATE AND TIME OF LATEST TRANSACTION | |
| control field | 20210628203059.0 |
| 008 - FIXED-LENGTH DATA ELEMENTS--GENERAL INFORMATION | |
| fixed length control field | 210120b xxu||||| |||| 00| 0 eng d |
| 020 ## - INTERNATIONAL STANDARD BOOK NUMBER | |
| International Standard Book Number | 81-7371-542-4 |
| 040 ## - CATALOGING SOURCE | |
| Transcribing agency | . |
| 082 ## - DEWEY DECIMAL CLASSIFICATION NUMBER | |
| Classification number | 510.904 ODI |
| 100 ## - MAIN ENTRY--PERSONAL NAME | |
| Personal name | Odifreddi, Piergiorgio |
| 9 (RLIN) | 63211 |
| 245 ## - TITLE STATEMENT | |
| Title | The mathematical century, the 30 greatest problems of the last 100 years |
| 260 ## - PUBLICATION, DISTRIBUTION, ETC. | |
| Place of publication, distribution, etc. | INDIA |
| Name of publisher, distributor, etc. | UNIVERSITY PRESS |
| Date of publication, distribution, etc. | 2000 |
| 300 ## - PHYSICAL DESCRIPTION | |
| Extent | XVI,204P |
| 650 ## - SUBJECT ADDED ENTRY--TOPICAL TERM | |
| Topical term or geographic name entry element | MATHEMATICAL CENTURY.MATHEMATICAL PROBLEMS OF THE LAST 100 YEARS |
| 9 (RLIN) | 63212 |
| 942 ## - ADDED ENTRY ELEMENTS (KOHA) | |
| Koha item type | Book |
| Source of classification or shelving scheme | |
| Withdrawn status | Lost status | Source of classification or shelving scheme | Damaged status | Not for loan | Permanent Location | Current Location | Shelving location | Date acquired | Full call number | Barcode | Date last seen | Price effective from | Koha item type | Public note |
|---|---|---|---|---|---|---|---|---|---|---|---|---|---|---|
| College of Electrical & Mechanical Engineering (CEME) | College of Electrical & Mechanical Engineering (CEME) | General Stacks | 07/25/2017 | 510.904 ODI | CEME-43459 | 06/28/2021 | 06/28/2021 | Book | 3.6 |
